00601nam a22001937a 4500003000500000005001700005008004100022010001000063011001000073035001000083040000900093100002200102245007300124260006700197300001000264490005800274650001700332830005800349CHAP20220329140020.0971013s r 00010 d a45589 a46561 a50702 cCHAP00aReid, W. Malcolm.1 aCuadro de diagnósticos para nueve especies de coccidia en las aves aMéxico, D. F. :bCentro Regional de Ayuda Técnica,c(s.a.) a16 p. aGeorgia. Agr. Exp. Sta. Technical bulletin, N. S., 3914aCoccidiosis.0 aGeorgia. Agr. Exp. Sta. Technical bulletin, N. S., 39